Closest Countries to New Zealand Quiz Stats

 Plays Quiz Updated Dec 2, 2017

Challenge
Share
Tweet
Embed
Score 0/20 Timer 03:00
5 Plays Today
Distance Country % Correct
618 kmAustralia
99.4%
872 kmFiji
86.5%
4,214 kmIndonesia
85.1%
179 kmUnited States
79.1%
462 kmSamoa
76.6%
3,119 kmPapua New Guinea
76.3%
419 kmTonga
72.4%
327 kmFrance
72.2%
2,766 kmUnited Kingdom
70.8%
1,562 kmVanuatu
70.6%
Distance Country % Correct
2,335 kmMarshall Islands
70.1%
2,222 kmSolomon Islands
69.3%
911 kmTuvalu
67.2%
3,117 kmMicronesia
66.7%
2,442 kmNauru
66.6%
6,061 kmPalau
65.9%
445 kmKiribati
63.8%
5,150 kmJapan
62.7%
4,903 kmChile
56.1%
5,379 kmTimor-Leste
53.5%

You're not logged in!

Compare scores with friends on all Sporcle quizzes.
Join for Free
OR
Log In

You Might Also Like...

Show Comments

Extras

Top Quizzes Today


Score Distribution

Your Account Isn't Verified!

In order to create a playlist on Sporcle, you need to verify the email address you used during registration. Go to your Sporcle Settings to finish the process.

Report this User

Report this user for behavior that violates our Community Guidelines.

Details: